| 000 | 00729nam a2200229Ii 4500 | ||
|---|---|---|---|
| 003 | JO-AjNU | ||
| 008 | 230605s9999||||xx |||||||||||||| ||und|| | ||
| 017 | _a2004/11/2691 | ||
| 020 | _a9957-24-195-8 | ||
| 040 |
_aJO-AjNU _bara _erda _cJO-AjNU |
||
| 041 | _aara | ||
| 050 | 1 | 4 | _aHD37.A7.S526.2005 |
| 100 | 3 |
_aالشمري،محمد عبد الرضا, _eauthor _915406 |
|
| 245 | 0 | 0 | _aالادارة الصناعية |
| 250 | _aط1 | ||
| 264 | 3 | 1 | _aعمان:دار صفاء للنشر والتوزيع،2005 |
| 300 | _a115ص | ||
| 336 |
_atext _btxt _2rdacontent |
||
| 337 |
_aunmediated _bn _2rdamedia |
||
| 338 |
_avolume _bnc _2rdacarrier |
||
| 650 | 4 |
_aالادارة الصناعية-الانتاج الصناعي _915407 |
|
| 999 |
_aA4344 _c7912 _d7912 |
||